Divine will healing : (Record no. 95239)

MARC details
000 -LEADER
fixed length control field 00840nam a22002297a 4500
005 - DATE AND TIME OF LATEST TRANSACTION
control field 20150929110847.0
010 ## - LCCN (DPL NO)
LC control number ENG-113667
020 ## - INTERNATIONAL STANDARD BOOK NUMBER
International Standard Book Number 9788189430733
Terms of availability 200.00
035 ## - SYSTEM CONTROL NUMBER
System control number EN-97199
037 ## - SOURCE OF ACQUISITION
Source of stock number/acquisition DBAD/PUB
082 ## - DEWEY DECIMAL CLASSIFICATION NUMBER
Classification number 613.7046
100 ## - MAIN ENTRY--PERSONAL NAME
Personal name Yogananda, Paramahansa
245 ## - TITLE STATEMENT
Title Divine will healing :
Statement of responsibility, etc with additional articles by Mary Kretzmann [and] Kent White ; compiled by Mary Kretzmann, director of the Ananda Healing Prayer Ministry.
Remainder of title from the original teachings of Paramhansa Yogananda /
260 ## - PUBLICATION, DISTRIBUTION, ETC. (IMPRINT)
Place of publication, distribution, etc Gurgaon
Name of publisher, distributor, etc Ananda Sangha Publications
Date of publication, distribution, etc 2015
270 ## - ADDRESS
City Gurgaon
Address B-10/8, DLF Phase- I
Postal code 122002
300 ## - PHYSICAL DESCRIPTION
Extent 162p.
Dimensions 21cm(pbk)
650 ## - SUBJECT ADDED ENTRY--TOPICAL TERM
Topical term or geographic name as entry element Yoga
General subdivision Therapeutic use.
650 ## - SUBJECT ADDED ENTRY--TOPICAL TERM
Topical term or geographic name as entry element Mental healing.
650 ## - SUBJECT ADDED ENTRY--TOPICAL TERM
Topical term or geographic name as entry element Self-care, Health.
700 ## - ADDED ENTRY--PERSONAL NAME
Personal name Kretzmann, Mary
942 ## - ADDED ENTRY ELEMENTS (KOHA)
Source of classification or shelving scheme Dewey Decimal Classification
Item type English Books
Call number suffix YOG
Classification part 613.7046
Holdings
Withdrawn status Lost status Not for loan Collection code Home library Current library Date acquired Source of acquisition Cost, normal purchase price Full call number Barcode Copy number Cost, replacement price Koha item type
    Not For Loan Non-fiction D.B.Act.Division D.B.Act.Division 27/07/2015 DBAD/PUB 200.00 613.7046 YOG EN-97199 1 200.00 English Books

© Delhi Public Library
Hit Counter
free hit counter